| Tag |
First Indicator |
Second Indicator |
Subfields |
| LEADER |
00000cam a22000008a 4500 |
| 001 |
in00000089501 |
| 005 |
20151008063504.0 |
| 008 |
800808s1981 maua b 00100 engm |
| 010 |
|
|
|a 80020928
|
| 020 |
|
|
|a 0883771810
|
| 035 |
|
|
|a (OCoLC)06648994
|
| 035 |
|
|
|9 AAK2337AM
|
| 040 |
|
|
|a DLC
|c DLC
|d TXA
|d UtOrBLW
|
| 049 |
|
|
|a TXAM
|c [1442168]
|
| 050 |
0 |
0 |
|a PB36
|b .C57
|
| 082 |
0 |
|
|a 418/.007
|2 19
|
| 245 |
0 |
4 |
|a The Comprehension approach to foreign language instruction /
|c Harris Winitz, editor.
|
| 263 |
|
|
|a 8111
|
| 264 |
|
1 |
|a Rowley, MA :
|b Newbury House,
|c 1981.
|
| 300 |
|
|
|a xviii, 307 pages :
|b illustrations ;
|c 23 cm.
|
| 336 |
|
|
|a text
|b txt
|2 rdacontent
|
| 337 |
|
|
|a unmediated
|b n
|2 rdamedia
|
| 338 |
|
|
|a volume
|b nc
|2 rdacarrier
|
| 504 |
|
|
|a Includes bibliographies and indexes.
|
| 650 |
|
0 |
|a Languages, Modern
|x Study and teaching.
|
| 700 |
1 |
|
|a Winitz, Harris,
|d 1933-
|
| 999 |
|
|
|a MARS
|
| 999 |
f |
f |
|s 5eed01ba-4c65-3461-a6fa-4e8690197972
|i 2ba6a167-6a63-3717-9d1d-758626c88427
|t 0
|
| 952 |
f |
f |
|p ric
|a Texas A&M University
|b Rellis Campus
|c Joint Library Facility
|s JLF
|d Remote Storage
|t 0
|e PB36 .C57
|h Library of Congress classification
|i unmediated -- volume
|m A14806173989
|
| 998 |
f |
f |
|a PB36 .C57
|t 0
|l Remote Storage
|